Cities of O'Brien County, Iowa - Statistics

General Stats
  • This quiz has been taken 42 times
  • The average score is 5 of 8
Answer Stats
Cities % Correct
1 Sheldon
100%
2 Hartley
75%
5 Primghar
75%
3 Sanborn
75%
8 Archer
50%
7 Calumet
50%
4 Paullina
50%
6 Sutherland
50%
No matching quizzes found
Score Distribution
Percent of People with Each Score
Percentile by Number Answered
Your Score History
You have not taken this quiz